THE CHURCH IN THE TWENTIENTH CENTUARY VOLUM VIII: (Record no. 84)
[ view plain ]
| 000 -LEADER | |
|---|---|
| fixed length control field | 00437nam a22001337a 4500 |
| 008 - FIXED-LENGTH DATA ELEMENTS--GENERAL INFORMATION | |
| fixed length control field | 250519b |||||||| |||| 00| 0 eng d |
| 020 ## - INTERNATIONAL STANDARD BOOK NUMBER | |
| International Standard Book Number | 0888150415pra |
| 100 ## - MAIN ENTRY--PERSONAL NAME | |
| Personal name | PRAAMSMA,L |
| 245 ## - TITLE STATEMENT | |
| Title | THE CHURCH IN THE TWENTIENTH CENTUARY VOLUM VIII: |
| Remainder of title | ELECT FROM EVERY NATION / |
| Statement of responsibility, etc. | PRAAMSMA,L |
| 260 ## - PUBLICATION, DISTRIBUTION, ETC. | |
| Place of publication, distribution, etc. | ONTARIO,CANADA, |
| Name of publisher, distributor, etc. | PAIDEIA PRESS LTD, |
| Date of publication, distribution, etc. | 1981 |
| 300 ## - PHYSICAL DESCRIPTION | |
| Extent | INCLUDE BIBLIOGRAPHICAL REFERENCES |
| Other physical details | 289, |
| Dimensions | 22cm |
| 942 ## - ADDED ENTRY ELEMENTS (KOHA) | |
| Source of classification or shelving scheme | Dewey Decimal Classification |
No items available.
